Aan beest-o-seg nafr (Record no. 424515)

MARC details
000 -LEADER
fixed length control field 00808nam a2200277Ia 4500
003 - CONTROL NUMBER IDENTIFIER
control field OSt
005 - DATE AND TIME OF LATEST TRANSACTION
control field 20220924130337.0
008 - FIXED-LENGTH DATA ELEMENTS--GENERAL INFORMATION
fixed length control field 220923b |||||||| |||| 00| 0 per d
020 ## - INTERNATIONAL STANDARD BOOK NUMBER
International Standard Book Number 9786001755842 (pbk)
037 ## - SOURCE OF ACQUISITION
Terms of availability Textual
040 ## - CATALOGING SOURCE
Original cataloging agency ARTS
Transcribing agency ARTS
Language of cataloging per
041 ## - LANGUAGE CODE
Source of code per
Language code of text/sound track or separate title per
100 ## - MAIN ENTRY--PERSONAL NAME
Personal name Yousufzadah Ahmad Au.
9 (RLIN) 199908
245 #0 - TITLE STATEMENT
Title Aan beest-o-seg nafr
260 ## - PUBLICATION, DISTRIBUTION, ETC.
Place of publication, distribution, etc. Tehran
Name of publisher, distributor, etc. Sooremehr Iran
Date of publication, distribution, etc. 2020
300 ## - PHYSICAL DESCRIPTION
Extent 405p.
Dimensions cm.
650 ## - SUBJECT ADDED ENTRY--TOPICAL TERM
Topical term or geographic name entry element WOMEN
9 (RLIN) 28101
650 ## - SUBJECT ADDED ENTRY--TOPICAL TERM
Topical term or geographic name entry element SOCIOLOGY
942 ## - ADDED ENTRY ELEMENTS (KOHA)
Classification part Y15.45, 164R0
Koha item type Textual
Source of classification or shelving scheme Colon Classification (CC)
Holdings
Withdrawn status Lost status Damaged status Not for loan Home library Current library Date acquired Source of acquisition Total Checkouts Full call number Barcode Date last seen Price effective from Koha item type
        Arts Library Arts Library 2022-09-24 2360, 12/02/2020, M.R. Publications   Y15.45 164R0 AL1664708 2022-09-24 2022-09-24 Textual
Copyright @ Delhi University Library System